000 00882nam a22002777a 4500
001 BR7401031
003 BR-BrBNA
005 20230928084544.0
007 ta
008 230509b bl.||||| |||| 00| 0 por d
040 _aBR-BrBNA
_bpor
_cBiblioteca Nacional de Agricultura
041 _a(Por)
072 _aE50; E10
_b/G514
090 _ E50 BR7401031
100 1 _aAguiar, N.
110 1 _aInstituto Universitario de Pesquisas do Rio de Janeiro, GB (Brasil)
_96594
245 1 _aTempo de transformacao no Nordeste. Ensaio sobre a relacao social entre atividades industriais e agricolas, no Cariri cearense [Brasil]
260 3 _aRio de Janeiro, GB (Brasil):
_c[nd].
300 _a85 p.
500 _a31 ref.; Published after 1971
650 _aPESQUISA SOCIAL
650 _aREGIAO NORDESTE
650 _aCEARA
909 _a202309
_bLucia
_c55
_dLucia Elande
942 _cBK
999 _c19724
_d19724